প্রসঙ্গ বঙ্গবন্ধু প্রসঙ্গ বাংলাদেশ / (Record no. 78692)
[ view plain ]
| 000 -LEADER | |
|---|---|
| fixed length control field | 00968nam a2200229 a 4500 |
| 001 - CONTROL NUMBER | |
| control field | 78692 |
| 003 - CONTROL NUMBER IDENTIFIER | |
| rucl marc code | BD-RjUL |
| 005 - DATE AND TIME OF LATEST TRANSACTION | |
| control field | 20211209083149.0 |
| 008 - FIXED-LENGTH DATA ELEMENTS--GENERAL INFORMATION | |
| fixed length control field | 211103s20191997bg ||||| |||| 00| 0 ben d |
| 020 ## - INTERNATIONAL STANDARD BOOK NUMBER | |
| International Standard Book Number | 98483094504 |
| Terms of availability | : Tk. 300.00 |
| 035 ## - SYSTEM CONTROL NUMBER | |
| System control number | (BD-RjUL)78918 |
| 040 ## - CATALOGING SOURCE | |
| Original cataloging agency | BD-RjUL |
| Language of cataloging | eng |
| Transcribing agency | BD-RjUL |
| 041 ## - LANGUAGE CODE | |
| Language code of text/sound track or separate title | ben |
| 082 ## - DEWEY DECIMAL CLASSIFICATION NUMBER | |
| Edition number | 23 |
| Classification number | 954.9205092 |
| Author mark and year | AHP 2019 |
| 100 ## - MAIN ENTRY--PERSONAL NAME | |
| Personal name | আহমেদ, মমতাজউদ্দিন |
| 9 (RLIN) | 249566 |
| 245 ## - TITLE STATEMENT | |
| Title | প্রসঙ্গ বঙ্গবন্ধু প্রসঙ্গ বাংলাদেশ / |
| Statement of responsibility, etc. | মমতাজউদ্দিন আহমেদ |
| 260 ## - PUBLICATION, DISTRIBUTION, ETC. (IMPRINT) | |
| Place of publication, distribution, etc. | ঢাকা : |
| Name of publisher, distributor, etc. | বিশ্বসাহিত্য ভবন, |
| Date of publication, distribution, etc. | ১৯৯৭ [ প্রকাশ ২০১৯] |
| 300 ## - PHYSICAL DESCRIPTION | |
| Pagination | ১৪৩ পৃ.; |
| Size | ২২ সেমি. |
| 600 ## - SUBJECT ADDED ENTRY--PERSONAL NAME | |
| Personal name | মুজিবুর রহমান, শেখ |
| Dates associated with a name | ১৯২০-১৯৭৫ |
| Personal name | Mujibur Rahman, Sheikh, |
| Dates associated with a name | 1920-1975 |
| 942 ## - ADDED ENTRY ELEMENTS (KOHA) | |
| Source of classification or shelving scheme | Dewey Decimal Classification |
| Koha item type | Books |
| Lost status | Source of classification or shelving scheme | Damaged status | Not for loan | Collection code | Permanent Location | Current Location | Shelving location | Date acquired | Source of acquisition | Cost, normal purchase price | Total Checkouts | Full call number | Date last seen | Copy number | Koha item type |
|---|---|---|---|---|---|---|---|---|---|---|---|---|---|---|---|
| Dewey Decimal Classification | Non-fiction | Central Library, University of Rajshahi | Central Library, University of Rajshahi | 31/10/2021 | Rajshahi Bidasagar | 225.00 | B 954.9205092 AHP 2019 | 03/11/2021 | C-2 | Books | |||||
| Dewey Decimal Classification | Not For Loan | Non-fiction | Central Library, University of Rajshahi | Central Library, University of Rajshahi | Bangabandhu Corner Section | 31/10/2021 | Rajshahi Bidasagar | 225.00 | B 954.9205092 AHP 2019 | 03/11/2021 | C-1 | Books | |||
| Dewey Decimal Classification | Non-fiction | Central Library, University of Rajshahi | Central Library, University of Rajshahi | 09/11/2021 | Rajshahi News Home | 225.00 | B 954.9205092 AHP 2019 | 25/11/2021 | C-3 | Books | |||||
| Dewey Decimal Classification | Non-fiction | Central Library, University of Rajshahi | Central Library, University of Rajshahi | 09/11/2021 | Rajshahi News Home | 225.00 | B 954.9205092 AHP 2019 | 25/11/2021 | C-4 | Books |